Регионална библиотека "Любен Каравелов" - Русе

Белият кораб (Запис номер 170200)

MARC детайли
000 -Лидер
Контролно поле с фиксирана дължина nam a22 a 4500
003 - Код на организацията, давaща контролен номер
Контролно поле BLK
005 - Дата и час на последна редакция
Контролно поле 20211111083825.0
008 - Елементи от данни с фиксирана дължина
fixed length control field 180411b bul|||||r ||||||| ||bul||
010 ## - Наследен системен номер
LC control number KNG00178314000
040 ## - Източник на каталожния запис
Идентификатор на билиотеката - собственик на записа BLK
041 ## - Код за език
Код за езика на текст/звукозапис или на отделно заглавие Български
Код за езика КДБФ Български
080 ## - УДК
Текстов определител УДК Българска литература
УДК код - определител по УДК 821.163.2
УДК определител -93-31
УДК - код + определител 821.163.2-93-31
100 1# - Редна дума - Автор
Автор Лъкатник, Михаил
Авторска отговорност първи автор
Автор - информация (биография) Арнаудов, Михаил Георгиев
R(LIN) 90033
139 ## - Редно поле
Редна дума Лъкатник, Михаил
Авторски знак Лъв - Л 93
245 10 - Сведения за заглавието
Заглавие Белият кораб
Подзаглавни данни Роман : За нач и средна училищна възраст
Редно поле (дума) Михаил Лъкатник; худож. Георги Ковачев.
257 ## - Страна на издаване
Страна на създаване/издаване България
260 ## - Област на издателските данни
Име на издателя, разпространителя и проч. Нар. младеж
Година на издаване 1958
Място на издаване, разпространение и проч. София
300 ## - Физическа характеристика
Страници 178 с.
Илюстрации и др. с ил.
Размери/Мащаб 25 см
380 ## - Жанр
Жанр Детска худож. лит.
490 1# - СЕРИИ (Колекции)
Име на серия Библиотека Приключения и научна фантастика
500 ## - Общи забележки
Забележка Михаил Лъкатник - псевд. на Михаил Георгиев Арнаудов
653 ## - Ключова дума – ненормативна
Ключова дума детска литература
653 ## - Ключова дума – ненормативна
Ключова дума литература за деца
700 1# - Други автори (авторска отговорност)
Лично име Ковачев, Георги
Автороска отговорност (Описва отношението между автора и произведението) худож.
9 (RLIN) 368262
852 ## - Местоположение
Форматна сигнатура Цб 10393
Фондова буква Хранилище
999 ## - СИСТЕМНИ КОНТРОЛНИ НОМЕРА
Koha biblionumber 170200
Koha biblioitemnumber 170200
942 ## - АРТИКУЛИ
Вид на библиотечния материал Книги
Скрит в OPAC Не
Периодичен библиозапис Да
944 ## - СЪЗДАВАНЕ И РЕДАКЦИЯ на ЗАПИСА
Създаване/Редакция Създаване
Дата на регистрацията/редакция 23.07.2013
Служител, извършил регистрацията/редакцията Теодора_Стоянова
944 ## - СЪЗДАВАНЕ И РЕДАКЦИЯ на ЗАПИСА
Създаване/Редакция Редакция
Дата на регистрацията/редакция 16.07.2015
Служител, извършил регистрацията/редакцията Теодора_Стоянова
999 ## - СИСТЕМНИ КОНТРОЛНИ НОМЕРА
Koha biblioitemnumber 170200
Наличности
Код за отписване Код за изгубен артикул Източник на класификационната схема Код за повреда Коз за рестрикции Код за отдаване Артикулен № Име на библиотеката - собственик Име на библиотеката, в която се намира в момента Статус (Текущо местоположение) Дата на вписване в системата Местоположение - отдел Цена в лева Инвентарен номер Систематично азбучна сигнатура Баркод Номер на екземпляра Цена в евро Служебна бележка Служебен тип на артикула
  Не е изгубен Universal Decimal Classification Не е повреден само за читалня ползва се в читалня 288188 Регионална библиотека "Любен Каравелов" Русе Регионална библиотека "Любен Каравелов" Русе Хранилище 1958-01-01 Основен фонд - ползва се само за читалня 0.57 6070/58 Цб 10393 900000054092 1 0.29 Дост: Pk Вид: Сф Дата: 01.01.1958 Книги
Изтеглен Не е изгубен Universal Decimal Classification Не е повреден без рестрикции заемане за дома 288189 Регионална библиотека "Любен Каравелов" Русе Регионална библиотека "Любен Каравелов" Русе Заемна - подръчен фонд 1958-01-01 Заемна - подръчен фонд 0.00 6074/58 П 886.7-31/Л 93 6074/58 2 0.00 Дост: Pk Вид: Сф Дата: 01.01.1958 Книги
Vip Innovations Ltd, Rousse, Bulgaria 2025